000 00376nam a22001217a 4500
040 _cRUA
082 _aFAO IPM 2005 C217 Or.
100 _aអ៊ុំ អេងសេដ្ឋា
245 _aបញ្ហាថ្នាំកសិកម្មនៅប្រទេសកម្ពុជា
260 _aphnom penh
_brua
_c2005
300 _a125p.
_bill.
_c29cm.
942 _cREC
999 _c22544
_d22544